00749nam a2200157 a 450000100100000000500170001000800410002704000250006810000550009324501430014826000650029130000420035604900090039895201670040799900170057400003358820200930070352.0110901s1897 dr 000 0 spa d aDO-SdBNPbspacBNPHU1 aRepública DominicanabHacienda y comercio95833610aMemoria que al ciudadano presidente de la República presenta al ciudadano Ministro de Correo y Telegrafos correspondiente al año 1897. aSanto Domingo :bImp. Cuna de América J. R. Roques,c1897. a1v. Con varias paginaciones ;c26 cm. aBNPD 001050718RVaPDbPDcCTd2011-09-01iLF1l0o p33588-10r2020-06-25w2020-06-25y1zPerteneció a la biblioteca personal de Julio Ortega Frier.ZNo se presta c33079d33079